Private practices in county distribution (Record no. 113208)

MARC details
000 -LEADER
fixed length control field 00669cam a22001935a 4500
001 - CONTROL NUMBER
control field L154868
008 - FIXED-LENGTH DATA ELEMENTS--GENERAL INFORMATION
fixed length control field 120124s1974 xxk eng u
035 ## - SYSTEM CONTROL NUMBER
System control number (Sirsi) u154868
041 0# - LANGUAGE CODE
Language code of text/sound track or separate title eng
050 04 - LIBRARY OF CONGRESS CALL NUMBER
Classification number 692.5062 $2 18
110 2# - MAIN ENTRY--CORPORATE NAME
Corporate name or jurisdiction name as entry element Institute of Quantity Surveyors
9 (RLIN) 2491
245 00 - TITLE STATEMENT
Title Private practices in county distribution
Remainder of title where the principal or at least one partner is a member of the Institute
260 ## - PUBLICATION, DISTRIBUTION, ETC.
Place of publication, distribution, etc. London
Name of publisher, distributor, etc. IQS
Date of publication, distribution, etc. 1974
300 ## - PHYSICAL DESCRIPTION
Extent 33p.
Dimensions 21cm.
520 ## - SUMMARY, ETC.
Summary, etc. A geographical listing of private practices containing a member of the Institute of Quantity Surveyors.
651 #4 - SUBJECT ADDED ENTRY--GEOGRAPHIC NAME
Geographic name International
690 ## - LOCAL SUBJECT ADDED ENTRY--TOPICAL TERM (OCLC, RLIN)
Topical term or geographic name as entry element Quantity surveying
9 (RLIN) 6263
942 ## - ADDED ENTRY ELEMENTS (KOHA)
Suppress in OPAC 0
Holdings
Withdrawn status Lost status Source of classification or shelving scheme Damaged status Not for loan Home library Current library Shelving location Date acquired Total Checkouts Full call number Barcode Date last seen Copy number Price effective from Koha item type
    Dewey Decimal Classification     London London Basement 24/01/2012   RESERVE 30077016 06/08/2019 1 06/08/2019 Book